10 najpopularniejszych firm na świecie - Statystyki

Ogólne statystyki
  • Ten quiz został rozwiązany 251 razy
  • Średni wynik to 4 z 10
Statystyki odpowiedzi
# Firma % Poprawnych
1 Apple
90%
5 Samsung
71%
3 Microsoft
65%
4 Google
54%
2 Amazon
49%
6 Coca-Cola
36%
9 McDonald's
33%
7 Toyota
24%
8 Mercedes-Benz
10%
10 Disney
7%
Nie znaleziono quizów pasujących do podanych kryteriów
Rozkład punktacji
Procent ludzi z każdym wynikiem
Percentyl według liczby udzielonych odpowiedzi
Twoja historia wyników
Nie rozwiązałeś tego quizu